000 01353cam a2200337 a 4500
001 17324964
003 ARRUPE
005 20141219172020.0
008 120530s2013 nyua b 001 0 eng
010 _a 2012021328
020 _a9780231136167 (cloth : acidfree paper)
020 _a9780231136174 (ebook)
040 _aDLC
_cDLC
_dDLC
041 1 _aeng
_hfre
050 0 0 _aB804
_b.B36513 2012
082 0 0 _a100
_223
100 1 _aBarthes, Roland.
_913021
240 1 0 _aComment vivre ensemble: simulations romanesques de quelques espaces quotidiens.
_lEnglish
245 1 0 _aHow to live together :
_bnovelistic simulations of some everyday spaces /
_cRoland Barthes ; translated by Kate Briggs.
260 _aNew York :
_bColumbia University Press,
_cc2013.
300 _axxx, 222 p. :
_bill. ;
_c26 cm.
490 0 _aEuropean perspectives
500 _a"Notes for a lecture course and seminar at Colláege de France (1976-1977)"-- T.p
504 _aIncludes bibliographical references (p. 205-209) and index.
650 0 _aPhilosophy, Modern
_y20th century.
_913022
650 0 _aPhilology.
_913023
650 0 _aLiterature
_xHistory and criticism.
_913024
906 _a7
_bcbc
_corignew
_d1
_eecip
_f20
_gy-gencatlg
942 _2lcc
_cMONOGRAPH
999 _c121375
_d121375